Ekonomika Slovenska pred vstupom do eurozóny
Podnikateľské prostredie ako predpoklad fungujúcej ekonomiky. Niektoré návrhy zmien podnikateľského prostredia podľa očakávaní po vstupe Slovenska do EÚ. Vývoj počtu právnických a fyzických osôb 1993-2018 – pred a po vstupe do Európskej únie a eurozóny. Desať rokov pôsobenia slovenskej republiky v e...
Salvato in:
| Autore principale: | |
|---|---|
| Natura: | Capitolo di libro |
| Lingua: | slovacco |
| Soggetti: | |
| Tags: |
Nessun Tag, puoi essere il primo ad aggiungerne!!
|
MARC
| LEADER | 00000naa a2200000 4500 | ||
|---|---|---|---|
| 001 | 0250542 | ||
| 005 | 20221104111354.1 | ||
| 041 | 0 | |a slo | |
| 044 | |a SK | ||
| 245 | 1 | 0 | |a Ekonomika Slovenska pred vstupom do eurozóny |c Helena Strážovská |
| 520 | |a Podnikateľské prostredie ako predpoklad fungujúcej ekonomiky. Niektoré návrhy zmien podnikateľského prostredia podľa očakávaní po vstupe Slovenska do EÚ. Vývoj počtu právnických a fyzických osôb 1993-2018 – pred a po vstupe do Európskej únie a eurozóny. Desať rokov pôsobenia slovenskej republiky v eurozóne. | ||
| 610 | 2 | 0 | |a Slovensko |
| 610 | 2 | 0 | |a Európska únia |
| 610 | 2 | 0 | |a eurozóna |
| 610 | 2 | 0 | |a spolupráca hospodárska medzinárodná |
| 610 | 2 | 0 | |a prostredie ekonomické |
| 610 | 2 | 0 | |a prostredie podnikateľské |
| 100 | 1 | |a Strážovská, Helena | |